Botánica I

Bibliographic Details
Main Authors: Castañeda Jiménez, Juan, Torre Lozano, María Oliva, Moran Rodríguez, José Manuel
Format: Section = Libro
Language:Undetermined
Spanish
Published: México México 2002
Subjects:
LEADER 00596nam a2200217Ia 4500
008 240830s9999 xx 000 0 und d
020 |a 970-10-3601-8 
040 |a B-ESTELÍ- RUACS / 581 G643 
041 |a spa 
082 |a 581 G643 
100 1 |a Castañeda Jiménez, Juan  
100 1 |b  Torre Lozano, María Oliva  
100 1 |c  Moran Rodríguez, José Manuel 
245 1 0 |a Botánica I 
260 |a México  |b México  |c 2002 
300 |a 277 p:il 
650 7 |a METODOLOGIA - INVESTIGACIÓN 
650 7 |b  CIENCIA DE LA INVESTIGACIÓN 
942 |c BK  |2 ddc 
991 |a TEXTO 
999 |c 11102